| 000 | 00633nam a2200169 i 4500 | ||
|---|---|---|---|
| 001 | 183866 | ||
| 003 | ES-MaACL | ||
| 005 | 20230906222005.0 | ||
| 007 | t| | ||
| 008 | 141031s1898 sp ||||1| spa d | ||
| 110 | 2 |
_aCompañía Madrileña de Urbanización. _93121 |
|
| 245 | 1 | 0 |
_aCompañía Madrileña de Urbanización _b: quinto ejercicio social desde 1º de enero a 31 diciembre de 1898 : memoria. |
| 260 |
_aMadrid : _b[s.n.], _c1898 ( _fImpr. de la Compañía Madrileña de Urbanización) |
||
| 300 |
_a96 p. ; _c22 cm. |
||
| 610 | 2 | 4 |
_aCompañía Madrileña de Urbanización- _vMemorias. _9151812 |
| 852 |
_aES-MaACL _jT-805-F-5 |
||
| 999 |
_c183866 _d183866 |
||